| 000 | 00652cam a22002293a 4500 | ||
|---|---|---|---|
| 001 | 383 | ||
| 003 | PGUSA | ||
| 005 | 20140828082947.0 | ||
| 008 | 951201s1995||||xxu|||||s|||||000 | eng d | ||
| 040 |
_aPGUSA _beng |
||
| 042 | _adc | ||
| 050 | 4 | _aPR | |
| 100 | 1 |
_aGoldsmith, Oliver, _d-1774 |
|
| 245 | 1 | 0 |
_aShe Stoops to Conquer; Or, The Mistakes of a Night : _bA Comedy _h[electronic resource] / _cOliver Goldsmith |
| 260 |
_bProject Gutenberg, _c1995 |
||
| 506 | _aPublic domain in the USA. | ||
| 516 | _aElectronic text | ||
| 653 | _aComedies | ||
| 830 | 0 |
_aProject Gutenberg _v383 |
|
| 856 | 4 | 0 | _uhttp://www.gutenberg.org/ebooks/383 |
| 942 | _cEB | ||
| 999 |
_c229734 _d229734 |
||